| 000 | 01066nam a2200313 a 4500 | ||
|---|---|---|---|
| 999 |
_c8469 _d8469 |
||
| 001 | 8469 | ||
| 003 | BD-JhCC | ||
| 005 | 20180925174548.0 | ||
| 008 | 930507s1992 enkab f001 0 eng | ||
| 020 |
_a0116913614 : _c£13.80 |
||
| 035 | _a(BD-JhCC) | ||
| 040 |
_aDLC _cDLC _dBD-JhCC |
||
| 041 | _aeng | ||
| 050 | 0 | 0 |
_aHA1124 _b 1991a |
| 082 | 0 | 0 |
_a304.6 _220 _bBRI 1992 |
| 245 | 0 | 0 |
_aBritain / _b laid before Parliament pursuant to Section 4(1) Census Act 1920 / _cOffice of Population Censuses and Surveys, General Register Office for Scotland. |
| 260 |
_aLondon : _bHMSO, _c1992. |
||
| 300 |
_a584 p. : _bill., maps ; _c30 cm. |
||
| 500 | _a"CEN 91 DEF"--Spine. | ||
| 500 | _a"A publication of the Government Statistical Service"--Cover. | ||
| 500 | _aIncludes index. | ||
| 651 | 0 |
_aGreat Britain _xCensus, 1991 _xMethodology. |
|
| 710 | 2 |
_aGreat Britain. _bOffice of Population Censuses and Surveys. |
|
| 710 | 2 |
_aGreat Britain. _bGeneral Register Office (Scotland) |
|
| 740 | 0 | _a1991 census. | |
| 740 | 0 | _aCEN 91 DEF. | |
| 942 |
_2ddc _cBK |
||